|
|
|
|
| LEADER |
01202nam a22003132a 4500 |
| 001 |
000294828 |
| 003 |
CZ BrMZK |
| 005 |
20061130103332.0 |
| 007 |
ta |
| 008 |
980103s1988 xr f cze d |
| 015 |
|
|
|a cnb000043537
|
| 035 |
|
|
|a (OCoLC)39436373
|
| 040 |
|
|
|a BOA001
|b cze
|
| 080 |
|
|
|a 621.93
|2 MRF
|
| 100 |
1 |
|
|a Rada, Otakar
|7 jo2005273872
|4 aut
|
| 245 |
1 |
0 |
|a Práce s motorovou pilou /
|c Otakar Rada
|
| 250 |
|
|
|a 1. vyd.
|
| 260 |
|
|
|a Praha :
|b Státní zemědělské nakladatelství,
|c 1988
|
| 300 |
|
|
|a 186 s.
|
| 490 |
1 |
|
|a Lesnictví, myslivost a vodní hospodářství
|
| 504 |
|
|
|a Obsahuje bibliografii
|
| 500 |
|
|
|a Dostupné též v digitální podobě v aplikaci Kramerius
|
| 830 |
|
0 |
|a Lesnictví, myslivost a vodní hospodářství
|0 s
|
| 856 |
4 |
1 |
|u http://www.digitalniknihovna.cz/mzk/uuid/uuid:aa24e160-da0a-11e5-984e-005056827e52
|y Digitalizovaný dokument
|x NDK
|
| 910 |
|
|
|a BOA001
|b TK-0236.281
|b 2-0928.763
|
| 964 |
|
|
|a Pily motorové - užití
|
| 990 |
|
|
|a BK
|
| 996 |
7 |
|
|b 2619335176
|c 2-0928.763
|l MZK
|r Sklad / do 1 hodiny
|n 2
|w 000294828
|u 000020
|a 1
|e BOA001
|j MZK50
|s A
|
| 996 |
7 |
|
|b 2629967169
|c TK-0236.281
|l MZK
|r Sklad / do 24 hodin
|n 1
|w 000294828
|u 000010
|a 1
|e BOA001
|j MZK50
|s A
|